College/University by State (Clickable) Quiz Stats

 Plays Quiz not verified by Sporcle

Support Sporcle.
Go Orange.
Score 0/51 Timer 05:00
0 Plays Today
% Correct
Idaho
86.8%
Kentucky
86.5%
California
86.1%
Missouri
85.2%
Utah
84.1%
New Mexico
82.6%
Kansas
82.4%
Illinois
79.5%
Alabama
78.4%
Indiana
77.3%
Texas
77.2%
Louisiana
77%
Tennessee
76.4%
New Jersey
75.3%
North Dakota
75%
Hawaii
74.8%
South Carolina
72.9%
Connecticut
72.8%
North Carolina
72.3%
New York
71.7%
Colorado
70.2%
Mississippi
69.5%
Washington
67.7%
Virginia
67.3%
Maryland
67.1%
Wisconsin
63.9%
% Correct
Rhode Island
62.2%
Georgia
62%
Pennsylvania
61.8%
Delaware
61.6%
District of Columbia
61.5%
New Hampshire
60.9%
West Virginia
60.2%
South Dakota
59.4%
Nebraska
51.4%
Wyoming
49.6%
Ohio
48.3%
Massachusetts
46%
Oklahoma
45.8%
Michigan
44.5%
Alaska
43.5%
Florida
42%
Vermont
41.8%
Maine
39.9%
Iowa
36.5%
Montana
34.6%
Arizona
31.1%
Oregon
30.8%
Minnesota
30.3%
Nevada
26%
Arkansas
16.1%

You're not logged in!

Compare scores with friends on all Sporcle quizzes.
OR
Log In

From the Vault

Sesame Street Characters

by lolshortee

Sesame Street is now on HBO. There goes the neighborhood.
Remove Ads.
Support Sporcle.
Get the best of Sporcle when you Go Orange. This ad-free experience offers more features, more stats, and more fun while also helping to support Sporcle. Thank you for becoming a member.

Show Comments

Extras

Top Quizzes Today


Score Distribution

Your Account Isn't Verified!

In order to create a playlist on Sporcle, you need to verify the email address you used during registration. Go to your Sporcle Settings to finish the process.

Report this User

Report this user for behavior that violates our Community Guidelines.

Details: